Problémes Économiques : Sélection hebdomadaire de pressa francaise et étrangers
Uložené v:
| Médium: | Časopis |
|---|---|
| Vydané: |
Paris :
Sécretariat Général du Gouvernement Direction de la Documentation
|
| Tagy: |
Pridať tag
Žiadne tagy, Buďte prvý kto otaguje tento záznam!
|
Titul je dostupný aj v ... 

MARC
| LEADER | 00000nas a2200000 a 4500 | ||
|---|---|---|---|
| 001 | 000306754 | ||
| 003 | SVKK | ||
| 005 | 20040720075357.0 | ||
| 008 | 040720u r|p||| |0 a0 | ||
| 040 | |a KE001 |b slo | ||
| 245 | 0 | 0 | |a Problémes Économiques : |b Sélection hebdomadaire de pressa francaise et étrangers |
| 260 | |a Paris : |b Sécretariat Général du Gouvernement Direction de la Documentation | ||
| 310 | |a Nezistená periodicita | ||
| 910 | |a KE001 |b C.922 | ||
| 998 | |a SE | ||